| 000 | 00618nam a2200205Ii 4500 | ||
|---|---|---|---|
| 003 | JO-AjNU | ||
| 008 | 230605s9999||||xx |||||||||||||| ||und|| | ||
| 040 |
_aJO-AjNU _bara _erda _cJO-AjNU |
||
| 041 | _aara | ||
| 050 | 1 | 4 | _aBP190.5.S3.T8 1979 |
| 100 | 3 |
_aطعيمة، صابر, _eauthor _913076 |
|
| 245 | 0 | 0 | _aالعقل والإيمان في الإسلام |
| 250 | _aط1 | ||
| 264 | 3 | 1 | _aد.م: المؤلف، 1979 |
| 300 | _a189ص | ||
| 336 |
_atext _btxt _2rdacontent |
||
| 337 |
_aunmediated _bn _2rdamedia |
||
| 338 |
_avolume _bnc _2rdacarrier |
||
| 650 | 4 |
_aالايمان- الاسلام والعقل _913077 |
|
| 999 |
_aA3160 _c6728 _d6728 |
||